The Total Cost Management (TCM) Framework (Record no. 67083)
[ view plain ]
| 000 -LEADER | |
|---|---|
| fixed length control field | 01467cam a2200253 4500 |
| 001 - CONTROL NUMBER | |
| control field | ABS63954 |
| 008 - FIXED-LENGTH DATA ELEMENTS--GENERAL INFORMATION | |
| fixed length control field | 000000n2001 000 0 eng u |
| 035 ## - SYSTEM CONTROL NUMBER | |
| System control number | (Sirsi) u112691 |
| 100 ## - MAIN ENTRY--PERSONAL NAME | |
| Personal name | Hollmann, J. |
| 245 #4 - TITLE STATEMENT | |
| Title | The Total Cost Management (TCM) Framework |
| 260 ## - PUBLICATION, DISTRIBUTION, ETC. | |
| Date of publication, distribution, etc. | 2001 |
| 490 ## - SERIES STATEMENT | |
| Series statement | Cost Engineering |
| Volume/sequential designation | 43(3) March 2001, 14-19(7) |
| 520 ## - SUMMARY, ETC. | |
| Summary, etc. | Provides a brief overview of AACE International's new 'Total Cost Management (TCM) Framework' project, and a synopsis of sections 1 and 2. In AACE International's Constitution TCM is defined as - 'a systematic approach to managing cost throughout the life cycle of any enterprise, program, facility, project, product or service'. The aim of the TCM Framework is to provide a systematic approach to TCM. It will consist of a process map and supporting text, which provide an overview of the scope of all the sub-processes and functions of cost engineering, and how these processes relate to one another. It will also include a hierarchical structure that will give guidance on Recommended Practices and Standards development. Complete versions of sections 1 and 2 can be viewed at: http://ww.aacei.org. Diagrams. |
| 590 ## - LOCAL NOTE (RLIN) | |
| Local note | ABS |
| 650 ## - SUBJECT ADDED ENTRY--TOPICAL TERM | |
| Topical term or geographic name entry element | TOTAL COST MANAGEMENT |
| 650 ## - SUBJECT ADDED ENTRY--TOPICAL TERM | |
| Topical term or geographic name entry element | AACE |
| 650 ## - SUBJECT ADDED ENTRY--TOPICAL TERM | |
| Topical term or geographic name entry element | COST ENGINEERING |
| 650 ## - SUBJECT ADDED ENTRY--TOPICAL TERM | |
| Topical term or geographic name entry element | GUIDANCE |
| 650 ## - SUBJECT ADDED ENTRY--TOPICAL TERM | |
| Topical term or geographic name entry element | FACILITIES MANAGEMENT |
| 9 (RLIN) | 6240 |
| 650 ## - SUBJECT ADDED ENTRY--TOPICAL TERM | |
| Topical term or geographic name entry element | ASSET MANAGEMENT |
| 650 ## - SUBJECT ADDED ENTRY--TOPICAL TERM | |
| Topical term or geographic name entry element | FINANCE |
| 690 ## - LOCAL SUBJECT ADDED ENTRY--TOPICAL TERM (OCLC, RLIN) | |
| Topical term or geographic name as entry element | MANAGEMENT-BUSINESS MANAGEMENT |
| 942 ## - ADDED ENTRY ELEMENTS (KOHA) | |
| Suppress in OPAC | 0 |
| Withdrawn status | Lost status | Source of classification or shelving scheme | Damaged status | Not for loan | Home library | Current library | Shelving location | Date acquired | Total Checkouts | Full call number | Barcode | Date last seen | Copy number | Price effective from | Koha item type |
|---|---|---|---|---|---|---|---|---|---|---|---|---|---|---|---|
| Dewey Decimal Classification | London | London | Journal article | 21/05/2001 | ABS63954 | 112691-1001 | 06/08/2019 | 1 | 06/08/2019 | Journal article |